000 00649nam a22002417a 4500
003 UA-OsUOA
001 49633
007 ta
008 20071010b un ||||| |||| 00| 0 ukr d
100 _aРумянцева Е.Л.
700 _aСлюсарь В.В.
090 _a004(075.3)
_bР86
942 _cBK
040 _aUA-OsUOA
_brus
_cUA-OsUOA
_dUA-OsUOA
245 _aИнформационные технологии
300 _a256 с.
955 _a2
041 _arus
080 _a004(075.3)
260 _aМ.
_bФорум
_c2007
650 7 _a00 Загальні питання науки і культури
_2UDC
999 _c335744
_d335744